Moving forward : (Record no. 12204)

000 -LEADER
fixed length control field 00956cam a2200241 a 4500
020 ## - INTERNATIONAL STANDARD BOOK NUMBER
ISBN 9789812309778 (pbk.)
020 ## - INTERNATIONAL STANDARD BOOK NUMBER
ISBN 9789812309785 (hard)
020 ## - INTERNATIONAL STANDARD BOOK NUMBER
ISBN 9789812309792 (pdf)
040 ## - CATALOGING SOURCE
Transcribing agency DLC
082 ## - DEWEY DECIMAL CLASSIFICATION NUMBER
Classification number 363 INS 2010 A017 Or.
245 10 - TITLE STATEMENT
Title Moving forward :
Remainder of title Southeast Asian perspectives on climate change and biodiversity /
260 ## - PUBLICATION, DISTRIBUTION, ETC. (IMPRINT)
Place of publication Singapore :
Name of publisher Institute of Southeast Asian Studies ;
Place of publication Laguna, Philippines :
Name of publisher Southeast Asian Regional Center for Graduate Study and Research in Agriculture,
Year of publication 2010.
300 ## - PHYSICAL DESCRIPTION
Number of Pages xxxviii, 259 p. :
Other physical details ill., maps ;
Dimensions 24 cm.
650 #0 - SUBJECT ADDED ENTRY--TOPICAL TERM
Topical Term Biodiversity
650 #0 - SUBJECT ADDED ENTRY--TOPICAL TERM
Topical Term Climatic changes
700 1# - ADDED ENTRY--PERSONAL NAME
Personal name Sajise, Percy E.,
700 1# - ADDED ENTRY--PERSONAL NAME
Personal name Ticsay, Mariliza V.
700 1# - ADDED ENTRY--PERSONAL NAME
Personal name Saguiguit, Gil C.
710 2# - ADDED ENTRY--CORPORATE NAME
Corporate name or jurisdiction name as entry element Institute of Southeast Asian Studies.
710 2# - ADDED ENTRY--CORPORATE NAME
Corporate name or jurisdiction name as entry element SEAMEO Regional Center for Graduate Study and Research in Agriculture.
856 41 - ELECTRONIC LOCATION AND ACCESS
Uniform Resource Identifier http://www.loc.gov/catdir/toc/fy12pdf01/2010353196.html
942 ## - ADDED ENTRY ELEMENTS (KOHA)
Koha item type សៀវភៅភាសាអង់គ្លេស
952 ## - LOCATION AND ITEM INFORMATION (KOHA)
Withdrawn status [LOCAL, KOHA] 0
Holdings
Permanent Location Date acquired Koha item type Lost status Shelving location Barcode Current Location Full call number
Library Block A2017-08-11សៀវភៅភាសាអង់គ្លេស A017A13094Library Block A363 INS 2010 A017 Or.
មជ្ឈមណ្ឌលឯការនៃសាកលវិទ្យាល័យភូមិន្ទកសិកម្មចំការដូង

Powered by Koha